Normale Ansicht MARC-Ansicht ISBD

Gegen viele Widerstände. (Titelsatznr. 371883)

[ MARC ]
MARC-Details
000 -Satzkennung
Kontrollfeld mit fester Länge 00736nam a22001937a 4500
008 - Feld mit fester Länge zur physischen Beschreibung - Allgemeine Angaben
Kontrollfeld mit fester Länge 201127b ||||| |||| 00| 0 eng d
040 ## - Katalogisierungsquelle
Original-Katalogisierungsstelle DE-2950
Katalogisierungssprache ger
Übertragungsstelle DE-2950
Beschreibungsfestlegungen rda
041 ## - Sprachcode
Sprachcode des Textes/der Tonspur oder des separaten Titels ger
245 ## - Titel
Haupttitel Gegen viele Widerstände.
Titelzusatz Umwelt: Wie Karolina Nurzynska der Gazeta Wyborcza in Wroclaw darum kämpft, das Fischsterben in der Oder aufzuklären /
Verantwortlichkeitsangabe Jacqueline Westermann
264 ## - Veröffentlichungsangabe, Vertriebsangabe, Herstellungsangabe
Erscheinungs-, Vertriebs-, Herstellungsdatum 2022
653 ## - Lokales Schlagwort
Nicht-normierter Term Oder <Fluss>
653 ## - Lokales Schlagwort
Nicht-normierter Term Fischsterben
655 ## - Art des Inhalts
Chronologische Unterteilung Umweltverschmutzung
773 ## - Übergeordnete Einheit
Ort, Verlag und Erscheinungsjahr Frankfurt (Oder) Märkisches Verlags- und Druckhaus GmbH & Co KG
Titel Märkische Oderzeitung
Verknüpfungsangaben 33. Jahrgang (2022) Nr. 228 vom 29.09.2022, S. 16: Foto
942 ## - Zusätzliche Felder (Koha)
Koha-Medientyp Aufsätze
Exemplare
Ausgeschieden Verloren Beschädigt Nicht entleihbar Permanenter Standort Aktueller Standort Aufstellungsort Eingabedatum Anzahl Ausleihen Signatur Letzte Aktivität Preis gültig von Medientyp
        Stadtarchiv Frankfurt (Oder) | Archivbibliothek Stadtarchiv Frankfurt (Oder) | Archivbibliothek Magazin 30/09/2022   Z2 30/09/2022 30/09/2022 Aufsätze